00662nam a2200181 i 450000100060000000300090000600500170001500700030003200800410003510000280007624501140010426000390021830000220025770000300027985200320030999900170034195201220035835955ES-MaACL20230906155245.0t|030214s1965 an ||||1| spa d1 aBroglie, Guy de.93187714aLos signos de credibilidad de la revelación cristiana / cGuy de Broglie ; [versión de Federico Revilla]. aAndorra : bCasal y Vall, c[1965] a186 p. ; c19 cm.1 aRevilla, Federico.996429 aES-MaACLjC-31331 bR.61705 c35955d35955 00104070aATENEOMbATENEOMcDEPO2d2008-01-17eSCl0oC-31331p1037692r2023-02-23 00:00:00w2023-02-23yMONOGRAFIA